Cultura y costumbres del pueblo español de los siglos XVI y XVII: introducción al estudio del siglo de oro

Gespeichert in:
Bibliographische Detailangaben
1. Verfasser: Pfandl, Ludwig (VerfasserIn)
Format: Buch
Sprache:Spanisch
Veröffentlicht: Barcelona, España Araluce 1929
Ausgabe:Segunda edición
Schlagworte:
Tags: Tag hinzufügen
Keine Tags, Fügen Sie den ersten Tag hinzu!

MARC

LEADER 00000nam a2200000 a 4500
001 UCP8653
003 CL-VaPUC
005 20241025114800.0
008 000310e19290000SP |||||||||||||||||spa|d
999 |c 285544  |d 285542 
040 |c Pontificia Universidad Católica de Valparaíso 
082 0 4 |a 946.04 PFA 1929  |2 21 
100 0 |a Pfandl, Ludwig  |e author  |9 438749 
245 1 0 |a Cultura y costumbres del pueblo español de los siglos XVI y XVII:  |b  introducción al estudio del siglo de oro 
250 |a Segunda edición 
260 |a Barcelona, España  |b Araluce  |c 1929 
300 |a 378 páginas 
583 |a last modification  |c 20000310 00:00:00  |k Rodrigo Vera 
600 0 7 |a FELIPE II  |2 CL-VaPUC  |9 314006  |z ESPAÑA 
600 0 7 |a FELIPE III  |2 CL-VaPUC  |9 400441  |z ESPAÑA 
650 7 |a HISTORIA DE ESPAÑA  |2 CL-VaPUC  |9 414272  |y SIGLOS 16-17 
650 0 |a Historia cultural  |z ESPAÑA  |9 353068 
650 0 |a Siglo de oro español  |9 414273 
650 7 |a ESTRUCTURA SOCIAL  |2 CL-VaPUC  |9 438750  |z ESPAÑA 
650 0 |a Inquisición (Iglesia Católica)  |z ESPAÑA  |9 258578 
852 |a BIBCUR 
942 |c BK  |2 ddc 
945 |d 20000310 00:00:00  |a lriquelm 
952 |0 0  |1 0  |2 ddc  |4 0  |6 946_040000000000000_PFA_1929  |7 0  |8 X  |9 330227  |a BIBHIS  |b BIBHIS  |d 2019-11-20  |i 1385526  |o 946.04 PFA 1929  |p 1385526  |r 2024-01-30  |t 1  |w 2019-11-20  |y BK_X  |k HIS